| 000 | 01289nam a2200349Ia 4500 | ||
|---|---|---|---|
| 001 | ebr10419408 | ||
| 003 | CaPaEBR | ||
| 006 | m u | ||
| 007 | cr cn||||||||| | ||
| 008 | 100825s2010 nju s 000 0 eng d | ||
| 010 | _z 2010034662 | ||
| 020 | _z9780470634035 (paper/website) | ||
| 020 | _z0470634030 | ||
| 040 |
_aCaPaEBR _cCaPaEBR |
||
| 035 | _a(OCoLC)670429016 | ||
| 050 | 1 | 4 |
_aHF5415.1265 _b.E927 2010eb |
| 082 | 0 | 4 |
_a658.8/72 _222 |
| 100 | 1 |
_aEvans, Dave, _d1956- |
|
| 245 | 1 | 0 |
_aSocial media marketing _h[electronic resource] : _bthe next generation of business engagement / _cDave Evans; with Jake McKee. |
| 250 | _a1st ed. | ||
| 260 |
_aHoboken, NJ : _bWiley Technology Pub., _cc2010. |
||
| 300 | _axix, 388 p. | ||
| 533 |
_aElectronic reproduction. _bPalo Alto, Calif. : _cebrary, _d2010. _nAvailable via World Wide Web. _nAccess may be limited to ebrary affiliated libraries. |
||
| 650 | 0 | _aInternet marketing. | |
| 650 | 0 |
_aSocial media _xMarketing. |
|
| 650 | 0 | _aSocial marketing. | |
| 650 | 0 | _aCustomer relations. | |
| 655 | 7 |
_aElectronic books. _2local |
|
| 700 | 1 | _aMcKee, Jake. | |
| 710 | 2 | _aebrary, Inc. | |
| 856 | 4 | 0 |
_uhttp://site.ebrary.com/lib/rucke/Doc?id=10419408 _zAn electronic book accessible through the World Wide Web; click to view |
| 999 |
_c186625 _d186625 |
||